000 00875nam a2200265Ia 4500
003 OSt
005 20220930092005.0
006 a|||||r|||| 00| 0
007 ta
008 220926b |||||||| |||| 00| 0 eng d
024 _a11469
037 _cTheses
040 _aCRL
_cCRL
_beng
041 _2eng
_aeng
100 _aGunjan Kumar Au.
_9547387
110 _aUniversity of Delhi. Faculty of Medical Sciences. Department of Community Medicine
245 0 _aStudy of menstrual problems among reproductive age group women in an urban area of Delhi
260 _c2014
300 _a92p.
_ap.
_ccm.
650 _aCOMMUNITY HEALTH SERVICES
700 _a Prasuna J. G. Gu.
_9547388
700 _aUniversity of Delhi. Faculty of Medical Sciences. Department of Community Medicine
942 _cDIS
_2CC
999 _c883006
_d883006